9-Letter Cities by US States - Statistics

General Stats
  • This quiz has been taken 241 times
  • The average score is 30 of 50
Answer Stats
Hint Answer % Correct
Baltimore Maryland
99%
Des Moines Iowa
89%
Cleveland Ohio
88%
Milwaukee Wisconsin
88%
Charlotte North Carolina
86%
Flagstaff Arizona
85%
Fairbanks Alaska
84%
Pensacola Florida
84%
Rochester New York
84%
Knoxville Tennessee
84%
Lexington Kentucky
83%
Saint Paul Minnesota
82%
Fort Wayne Indiana
80%
Galveston Texas
80%
Las Cruces New Mexico
79%
Santa Rosa California
76%
Bar Harbor Maine
73%
Champaign Illinois
70%
Princeton New Jersey
69%
Pawtucket Rhode Island
69%
Rapid City South Dakota
66%
Fort Smith Arkansas
64%
Lynchburg Virginia
64%
Henderson Nevada
63%
Port Huron Michigan
61%
Lancaster Pennsylvania
61%
Pocatello Idaho
60%
Dodge City Kansas
60%
New London Connecticut
58%
Pearl City Hawaii
58%
Vicksburg Mississippi
56%
Brookline Massachusetts
55%
Corvallis Oregon
52%
Estes Park Colorado
49%
New Castle Delaware
47%
Bountiful Utah
45%
Tuscumbia Alabama
42%
Bluefield West Virginia
40%
Kennewick Washington
39%
Brunswick Georgia
37%
Miles City Montana
37%
Ponca City Oklahoma
36%
Broken Bow Nebraska
34%
Merrimack New Hampshire
34%
Williston North Dakota
34%
Greenwood South Carolina
30%
Derby Line Vermont
30%
Grand Isle Louisiana
27%
Louisiana Missouri
27%
Wheatland Wyoming
26%
No matching quizzes found
Score Distribution
Percent of People with Each Score
Percentile by Number Answered
Your Score History
You have not taken this quiz